Riconosci lo Stato - Quiz n°73 - Statistics

Statistiche generali
  • Questo quiz è stato fatto 33 volte
  • Il punteggio medio è 9 su 12
Statistiche sulle risposte
Indizio Risposta % Corretto
Valuta Cedi
88%
Popolazione 34.121.000 ab.
85%
Iniziale della Capitale A
85%
Presidente Nana Akufo-Addo
85%
Fuso Orario UTC+0
85%
Indipendenza dal Regno Unito, 6 marzo 1957
77%
Superficie 238.540 km²
69%
ISU 0,632
65%
PIL (nominale) 40 435 milioni di $
65%
Tasso di crescita 2,2%
62%
Forma di Governo Repubblica presidenziale unitaria
62%
Risposta Ghana
58%
Nessun quiz corrispondente trovato
Distribuzione punteggi
Percentuale di utenti per punteggio
Percentile per numero di risposta
I tuoi punteggi nel tempo
Non hai fatto questo quiz